000 01137nam a2200205 a 4500
008 160415s2013 ||||||||||||||||| || u
020 _a9781780932378
050 _aHF 1413 Int
100 _aPapaioannou, Theo
245 1 0 _aInternational development in a changing world
_cEdited by Theo Papaioannou and Melissa Butcher
260 _aNew York
_bBloomsbury Publishing
_c2013
300 _a348 pages : illustrations
350 _a44.95
650 _aINTERNATIONAL TRADE AND TRADE POLICY
650 _aDEVELOPING COUNTRIES - COMMERCIAL POLICY - ECONOMETRIC MODELS
650 _aDEVELOPING COUNTRIES - FOREIGN ECONOMIC RELATIONS - CONGRESSES
995 _aMAIN LIBRARY OPEN ACCESS
_e746199
_FCBU-MAIN LIBRARY (Kitwe)
_I44.95
_jHF 1413 Int
_M2
_UAVAILABLE
_WApr 21, 2016
_y746199
_ZMain Library Open Access Collection
995 _aMAIN LIBRARY OPEN ACCESS
_e746198
_FCBU-MAIN LIBRARY (Kitwe)
_I44.95
_jHF 1413 Int
_M1
_UAVAILABLE
_WApr 21, 2016
_y746198
_ZMain Library Open Access Collection
995 _aSPECIAL COLLECTIONS
_e500427
_FCBU-DAG HAMMARSKJOLD INSTITUTE LIBRARY
_I44.95
_jHF 1413 Int
_M3
_UAVAILABLE
_WMay 10, 2016
_y500427
_ZDHIPS Book Collection
999 _c77534
_d77534